| 000 | 01405cam a2200325 a 4500 | ||
|---|---|---|---|
| 999 |
_c24100 _d24100 |
||
| 001 | 740282 | ||
| 003 | NUST | ||
| 005 | 20170601103841.0 | ||
| 008 | 990505s2000 maua b 001 0 eng | ||
| 010 | _a 99015858 | ||
| 020 | _a0072312602 (alk. paper) | ||
| 040 |
_aDLC _cRCMS _dDLC |
||
| 050 | 0 | 0 |
_a150.7/2 SHA _b.S46 2000 |
| 082 | 0 | 0 |
_a150.7/2 SHA _221 |
| 100 | 1 |
_aJohn J. Shaughnessy, _d1947- _91786 |
|
| 245 | 1 | 0 |
_aResearch methods in psychology / _cJohn J. Shaughnessy, Eugene B. Zechmeister, Jeanne S. Zechmeister. |
| 250 | _a5th ed. | ||
| 260 |
_aBoston MA : _bMcGraw-Hill, _cc2000. |
||
| 300 |
_axv, 560 p. : _bill. ; _c25 cm. |
||
| 504 | _aIncludes bibliographical references (p. 534-547) and indexes. | ||
| 538 | _iShelf # 13, Row # 1, Fiction. | ||
| 650 | 0 |
_aPsychology _xResearch _xMethodology _vTextbooks. _91787 |
|
| 650 | 0 |
_aPsychology, Experimental _vTextbooks. _91788 |
|
| 700 | 1 |
_aZechmeister, Eugene B., _d1944- _91789 |
|
| 700 | 1 |
_aZechmeister, Jeanne S. _91790 |
|
| 856 | 4 | 2 |
_3Publisher description _uhttp://www.loc.gov/catdir/description/mh023/99015858.html |
| 856 | 4 | 1 |
_3Table of contents _uhttp://www.loc.gov/catdir/toc/mh023/99015858.html |
| 906 |
_a7 _bcbc _corignew _d1 _eocip _f19 _gy-gencatlg |
||
| 942 |
_2ddc _cBK _h150.7/2 SHA |
||